000 00402cam a22001457a 4500
008 180718b1960 xxu||||| |||| 00| 0 eng d
082 _aA6x5401 M289a
100 _aMajumdar, Ramesh Chandra
245 _aAncient India
_cby Ramesh Chandra Majumdar
250 _arev. ed.
260 _aDelhi
_bMotilal Bandarsidass
_c1960
300 _a538p.
500 _aRs.20.00
650 _aIndia - History - to 1200
999 _c480434
_d480434